000 01154nam a2200289 c 4500
003 BLK
005 20180422114548.0
008 180411b bul|||||r ||||||| ||bul||
010 _aKNG00181269000
040 _aBLK
041 _aBUL
_cBUL
080 _aРуска литература
_b821.161.1
_x-32
_z821.161.1-32
100 1 _aСанин, Владимир Маркович
_eпърви автор
_9330444
700 1 _aВасева, Иванка Стоянова
_eпрев. от рус.
_9367456
139 _aСанин, Владимир Маркович
_bС 18
245 1 0 _aБялото проклятие
_bПовест
_cВладимир Маркович Санин; прев. от рус. Иванка Стоянова Васева.
257 _aBGR
260 София
_bОтечество
_c1989
300 _a168 с.
_bс ил.
_c21 см
380 _aX
500 _aОриг. загл. Белое проклятие / Владимир Санин. - Без тир.
852 _aЦб 159977
856 4 _qpdf
_u
856 4 _qpdf
_u
942 _cKNG
_n0
944 _aCR
_c08.09.2015
_kПравда_Бадева
944 _aED
_c18.11.2016
_kКети_Илиева
999 _c172901
_d172901